Statistics for U.S States with Letters Missing

Click here to take the quiz!

General Stats

  • This quiz has been taken 57 times
  • The average score is 11 of 14

Answer Stats

HintState% Correct
O_L_HO_AOklahoma
100%
_EV_D_Nevada
97%
A_K_NS__Arkansas
95%
V__GI_I_Virginia
95%
W__MI_GWyoming
95%
M__S_C_US_T_SMassachusetts
90%
M_S__U_IMissouri
85%
I__H_Idaho
82%
M_N__NAMontana
79%
_O_OR_D_Colorado
69%
_RE__NOregon
54%
_L__I_AFlorida
46%
_E_M_N_Vermont
46%
_I_C_N_I_Wisconsin
31%

Score Distribution

Percentile by Number Answered

Percent of People with Each Score

Your Score History

You have not taken this quiz